Trại lao động đặc biệt Núi Bà Rà - Quá trình thiết lập và chế độ giam cầm

সংরক্ষণ করুন:
গ্রন্থ-পঞ্জীর বিবরন
প্রধান লেখক: Hà, Minh Hồng
বিন্যাস: গ্রন্থ
ভাষা:Undetermined
বিষয়গুলি:
অনলাইন ব্যবহার করুন:http://lrc.tdmu.edu.vn/opac/search/detail.asp?aID=2&ID=40982
ট্যাগগুলো: ট্যাগ যুক্ত করুন
কোনো ট্যাগ নেই, প্রথমজন হিসাবে ট্যাগ করুন!
Thư viện lưu trữ: Trung tâm Học liệu Trường Đại học Thủ Dầu Một
LEADER 00687nam a2200145Ia 4500
001 TDMU_40982
008 210410s9999 xx 000 0 und d
082 |a 390.095976 
100 |a Hà, Minh Hồng 
245 0 |a Trại lao động đặc biệt Núi Bà Rà - Quá trình thiết lập và chế độ giam cầm 
245 0 |c Hà Minh Hồng 
300 |a tr.36-49 
650 |a Trại lao động đặc biệt; Bộ máy cai tù; Lao động tù nhân; Núi Bà Rá; Quá trình thiết lập 
856 |u http://lrc.tdmu.edu.vn/opac/search/detail.asp?aID=2&ID=40982 
980 |a Trung tâm Học liệu Trường Đại học Thủ Dầu Một